| 000 | 01453nam a22002537a 4500 | ||
|---|---|---|---|
| 001 | BR2023001039 | ||
| 003 | BR-BrBNA | ||
| 005 | 20231027125331.0 | ||
| 008 | 231026b2016 bl.a|||| |||| 00| 0 por d | ||
| 040 |
_aBR-BrBNA _bpor |
||
| 041 | _apor | ||
| 072 |
_aF08; J10 _b9000 |
||
| 110 | 1 |
_97107 _aMinistério do Desenvolvimento Agrário, Brasília, DF (Brasil) |
|
| 245 |
_aCompra Pública de Alimentos da Agricultura Familiar 2 : _bPAA Compra Institucional |
||
| 260 |
_aBrasília, DF (Brasil) : _bAscom MDA _c2016 |
||
| 300 | _a65 p. | ||
| 490 |
_aCadernos da Agricultura Familiar - Ministério do Desenvolvimento Agrário (Brazil) _vno. 2 _x2448-2404 |
||
| 520 | _aDesde 2012, estados, municípios e órgãos federais da administração direta e indireta estão autorizados, por decreto federal, a comprar alimentos, com recursos financeiros próprios, diretamente do agricultor familiar para compor as refeições oferecidas em restaurantes universitários, refeitórios de creches e escolas filantrópicas, quartéis, presídios, hospitais, redes de assistência social e outros equipamentos públicos do município. A compra deve ser realizada por meio de edital de chamada pública, via modalidade Compra Institucional do Programa de Aquisição de Alimentos (PAA). Por isso é mais simples. | ||
| 650 | _aAGRICULTURA FAMILIAR | ||
| 650 | _aPRODUCAO DE ALIMENTOS | ||
| 650 | _aCOMPRA | ||
| 909 |
_a202310 _bWanessa Ribeiro |
||
| 942 | _cMS | ||
| 999 |
_c86582 _d86582 |
||